Strongest Nation Brands - Statistics

General Stats
  • This quiz has been taken 37,827 times
  • The average score is 9 of 10
Answer Stats
Rank Change Country % Correct
6 ▼ 5 United States
99%
2 ▲ 3 France
94%
3 - United Kingdom
93%
1 ▲ 1 Germany
92%
4 - Canada
88%
7 ▼ 1 Italy
87%
4 ▲ 3 Japan
85%
9 - Australia
79%
10 - Sweden
72%
8 - Switzerland
64%
No matching quizzes found
Score Distribution
Percent of People with Each Score
Percentile by Number Answered
Your Score History
You have not taken this quiz